De quoi ce personnage de fiction est-il le chef? - Statistiques

Statistiques générales
  • Ce quiz a été pris 47 fois
  • Le résultat moyen est 6 sur 35
Statistiques - réponses
Chef Univers De quoi est-il le chef? % Correct
Captain America Avengers Avengers
72%
Batman Justice League Justice League
67%
Nick Fury Marvel SHIELD
46%
Giovanni Pokémon Team Rocket
44%
Grand Schtroumpf Les Schtroumpfs Village des Schtroumpfs
38%
Pain Naruto Shippuden Akatsuki
31%
Leia Star Wars (Postlogie) Rebelles
28%
Ginyu Dragon Ball Z Commando Ginyu
26%
Kuroro Lucifer Hunter X Hunter Brigade Fantôme
23%
Eomer Le Seigneur des Anneaux Rohirrim
21%
Abraracourcix Astérix le Gaulois Village des Irréductibles
21%
(Monkey D.) Dragon One Piece Armée Révolutionnaire
18%
Mance Rayder Game of Thrones Sauvageons
18%
Jerry Lewis Totally Spies! WOOHP
18%
Bernardo West Side Story Sharks
15%
William Miles Assassin's Creed Assassins
13%
Yami Black Clover Compagnie du Taureau Noir
13%
Zeldris Seven Deadly Sins Dix Commandements
13%
Gracié Picsou Rapetou
13%
Tomura Shigaraki My Hero Academia Alliance des super-vilains
10%
Shredder Tortues Ninja Clan des Foot
10%
Diavolo Jojo's Bizarre Adventure Passione
10%
Yamamoto Bleach Gotei 13
8%
M.Bison Street Fighter Shadaloo
8%
Mikey Tokyo Revengers Tokyo Manjikai
8%
Kodlak Blancrin The Elder Scrolls V: Skyrim Compagnons
5%
Azar Javed The Witcher La Salamandre
5%
Mother Brain Metroid Pirates de l'Espace
5%
Ernst Stavro Blofeld James Bond SPECTRE
5%
Ubuyashiki Demon Slayer Armée des Pourfendeurs
3%
Robin des Bois Robin des Bois Joyeux Compagnons
3%
Kabal Mortal Kombat Black Dragon
0%
Kaz Brekker Six of Crows Dregs
0%
Monsieur Wang Tintin Fils du Dragon
0%
Maggie Walsh Buffy contre les Vampires Initiative
0%
Aucun quiz correspondant
Distribution des résultats
% des personnes avec chaque résultat
Percentile par nombre de réponses
Votre historique - résultats
Vous n’avez pas pris ce quiz